000
00280nmm a2200085Ia 4500
008
220120s9999||||xx |||||||||||||||||und||
100
_a
Cohoon, James, P and Davidson, Jack, W
_9
5964
245
0
_a
C++ Program design, 3ed edition, EZ windows, API , Source &
260
_a
Tata mcgraw hill
999
_c
139452
_d
139452